SENARAI penolong pegawai sistem maklumat : Gred F4 dan F5 :

Bibliographic Details
Corporate Author: MALAYSIA
Format: Book
Published: Kuala Lumpur $b Jabatan Perkhidmatan Awam $c 1996
Subjects:

MARC

LEADER 00000cam a2200000 7i4500
001 0000001702
005 20011031.0
090 0 0 |a 351.025   |b SEN 1996 
245 0 0 |a SENARAI penolong pegawai sistem maklumat :   |b Gred F4 dan F5 :   |b kedudukan pada 1 November 1996 
260 0 0 |a Kuala Lumpur $b Jabatan Perkhidmatan Awam $c 1996 
300 |a v, 105 p. ;   |c 30x21 cm. 
650 0 0 |a Civil service   |z Malaysia   |x Directories 
650 0 0 |a Public administration   |z Malaysia   |x Directories 
651 0 0 |a Malaysia   |x Officials and employees   |x Directories 
710 1 1 |a MALAYSIA ,   |c Jabatan Perkhidmatan Awam 
998 |a JPSM 
999 |a 0000002564   |b Monograph   |c Open Shelf   |e Default branch